SPECIAL NEEDS EDUCATION:COMPETENCY--BASED CURRICULUM MAINSTREAMING (Record no. 216847)
[ view plain ]
| 000 -LEADER | |
|---|---|
| fixed length control field | 00461nam a22001577a 4500 |
| 008 - FIXED-LENGTH DATA ELEMENTS--GENERAL INFORMATION | |
| fixed length control field | 260318b |||||||| |||| 00| 0 eng d |
| 020 ## - INTERNATIONAL STANDARD BOOK NUMBER | |
| International Standard Book Number | 978-9914-40-861-4 |
| 100 ## - MAIN ENTRY--PERSONAL NAME | |
| Personal name | WAKOLI DAVID |
| 245 ## - TITLE STATEMENT | |
| Title | SPECIAL NEEDS EDUCATION:COMPETENCY--BASED CURRICULUM MAINSTREAMING |
| 260 ## - PUBLICATION, DISTRIBUTION, ETC. | |
| Place of publication, distribution, etc. | NAIROBI |
| Name of publisher, distributor, etc. | SYNTEC PUBLISHERS |
| Date of publication, distribution, etc. | 2021 |
| 300 ## - PHYSICAL DESCRIPTION | |
| Extent | x,178P. |
| 500 ## - GENERAL NOTE | |
| General note | INCLUDES BIBLIOGRAPHIC REFERENCES |
| 700 ## - ADDED ENTRY--PERSONAL NAME | |
| Personal name | MASIBO EDWIN |
| 942 ## - ADDED ENTRY ELEMENTS (KOHA) | |
| Source of classification or shelving scheme | Library of Congress Classification |
| Koha item type | Long Loan Book |
| Withdrawn status | Lost status | Source of classification or shelving scheme | Damaged status | Not for loan | Collection | Home library | Current library | Shelving location | Date acquired | Inventory number | Total checkouts | Full call number | Barcode | Date last seen | Date last checked out | Copy number | Price effective from | Koha item type |
|---|---|---|---|---|---|---|---|---|---|---|---|---|---|---|---|---|---|---|
| Library of Congress Classification | Arts & Social Sciences | Kisii University Library | Kisii University Library | On Display | 03/18/2026 | 101455 | 1 | LC 3986 .W35 2021 | 000000021704 | 03/27/2026 | 03/18/2026 | 1 | 03/18/2026 | Long Loan Book |